|
|
|
|
| LEADER |
00000nam a2200000 a 4500 |
| 001 |
vtls001415348 |
| 003 |
SK-MaSNL |
| 005 |
20260301072136.0 |
| 008 |
240314s1922 xx 0 und |
| 035 |
|
|
|a SNK000370082
|
| 040 |
|
|
|a SNK
|b slo
|c SNK
|e AACR2
|
| 100 |
1 |
|
|a Gosztonyi Nándor
|4 aut
|9 391067
|
| 245 |
1 |
0 |
|a Tervszerű magyar kultúrpolitika
|
| 260 |
|
|
|a [Komáromi]
|b Spitzer Sándor
|c 1922
|
| 300 |
|
|
|a 29 s.
|
| 999 |
|
|
|c 640147
|d 642077
|
| 952 |
|
|
|t P60, <03>, [BOOK], {604}
|a SNK
|b SNK
|y PREZ
|7 0
|p 17A0304365
|o snkSD 37759 D1
|0 0
|1 0
|4 0
|d 2001-06-15
|l 0
|r 2005-01-02 00:00:00
|w 2026-02-23
|
| 952 |
|
|
|t P60, <03>, [BOOK], {603}
|a SNK
|b SNK
|y PREZ
|7 0
|p 17A0304305
|o snkSD 37759
|0 0
|1 0
|4 0
|d 2001-06-15
|l 0
|r 2005-01-02 00:00:00
|w 2026-02-23
|